000 00616cam a2200229 4500500
005 20260419000920.0
041 _afre
042 _adc
100 1 0 _aLacroix, Samuel
_eauthor
245 0 0 _aTest : quel leader êtes-vous ?
260 _c2023.
500 _a91
690 _aAutorité
690 _aCommunication
690 _aEntreprise
690 _aLeadership
690 _aManagement
690 _aTravail
690 _aValeurs
786 0 _nPhilonomist | - | 1 | 2023-01-06 | p. 23-23
856 4 1 _uhttps://shs.cairn.info/magazine-philonomist-2023-1-page-23?lang=fr&redirect-ssocas=7080
999 _c2212629
_d2212629